Catálogo público

Insecticidas biorracionales para el control de Bemisia tabaci (Gennadius) en calabacita en Tepalcingo, Morelos / (Record no. 219607)

MARC details
000 -CABECERA
campo de control de longitud fija 02982nam a2200289 a 4500
003 - IDENTIFICADOR DEL NÚMERO DE CONTROL
campo de control OSt
005 - FECHA Y HORA DE LA ÚLTIMA TRANSACCIÓN
campo de control 20240904143244.0
007 - CAMPO FIJO DE DESCRIPCIÓN FÍSICA--INFORMACIÓN GENERAL
campo de control de longitud fija cr ||||||a|c|a
008 - DATOS DE LONGITUD FIJA--INFORMACIÓN GENERAL
campo de control de longitud fija 240130s2022 mx a|||fom||| 001 0 spa d
040 ## - FUENTE DE LA CATALOGACIÓN
Normas de descripción rda
100 1# - ENTRADA PRINCIPAL--NOMBRE DE PERSONA
9 (RLIN) 188610
Nombre de persona Sánchez Coronado, Emmanuel
245 10 - MENCIÓN DE TÍTULO
Título Insecticidas biorracionales para el control de Bemisia tabaci (Gennadius) en calabacita en Tepalcingo, Morelos /
Mención de responsabilidad, etc. por Emmanuel Sánchez Coronado ; director de tesis Candelario Santillán Ortega.
264 #1 - PRODUCCIÓN, PUBLICACIÓN, DISTRIBUCIÓN, FABRICACIÓN Y COPYRIGHT
Producción, publicación, distribución, fabricación y copyright Chapingo, México :
Nombre del de productor, editor, distribuidor, fabricante El autor,
Fecha de producción, publicación, distribución, fabricación o copyright 2022.
300 ## - DESCRIPCIÓN FÍSICA
Extensión 1 recurso en línea (79 páginas):
Otras características físicas cuadros, figuras.
336 ## - TIPO DE CONTENIDO
Fuente rdacontent
Término de tipo de contenido texto
Código de tipo de contenido txt
337 ## - TIPO DE MEDIO
Fuente rdamedia
Nombre/término del tipo de medio computadora
Código del tipo de medio c
338 ## - TIPO DE SOPORTE
Fuente rdacarrier
Nombre/término del tipo de soporte recurso en línea
Código del tipo de soporte cr
502 ## - NOTA DE TESIS
Tipo de título Ingeniero Agrónomo Especialista en Parasitología Agrícola
Nombre de la institución que otorga el título Departamento de Enseñanza, Investigación y Servicio en Parasitología Agrícola,
Año de obtención del título 2022.
Información miscelánea Licenciatura
504 ## - NOTA DE BIBLIOGRAFÍA, ETC.
Nota de bibliografía, etc. Incluye referencias bibliográficas: páginas 62-68.
520 ## - SUMARIO, ETC.
Sumario, etc. La calabacita es una de las principales hortalizas cultivadas a nivel nacional, México ocupa el sexto lugar a nivel mundial en producción. Uno de los principales problemas que presenta el cultivo es el ataque de mosquita blanca B. tabaci ya que es vector de virus, los cuales causan daños irreversibles al cultivo. Por lo general se maneja con insecticidas como carbamatos y organofosforados los cuales debido a que su acción va dirigida hacia los estados adultos, no afecta a las ninfas lo cual ocasiona que las poblaciones se regeneren en tiempos cortos y esto a su vez hace que se realicen más aplicaciones causando que las nuevas generaciones sean cada vez más resistentes a los insecticidas químicos. De ahí se origina el presente trabajo con la finalidad de ver si los insecticidas biorracionales son una alternativa eficaz para el control de mosquita blanca. El trabajo se realizó en Tepalcingo, Morelos se ha cultivado calabacita en diferentes fechas del año y el ataque de mosquita blanca es constante debido al clima de la región. Para el trabajo se realizaron 3 aplicaciones de los insecticidas por lo tanto se tomaron 4 muestreos para registrar los niveles de las poblaciones tanto de ninfas como de adultos, se probaron 6 productos a base de extractos y aceites vegetales y se dejó un testigo absoluto para realizar la comparación de la efectividad que tuvieron los tratamientos en comparación al testigo sin aplicar. Al concluir con la toma de datos se procesaron mediante los programas estadístico SAS o Rstudio. Al final del trabajo se apreció que los biorracionales tienen buena repelencia contra mosquita blanca y son una buena alternativa y más si se usan dentro de un programa de MIP.
650 #4 - PUNTO DE ACCESO ADICIONAL DE MATERIA--TÉRMINO DE MATERIA
9 (RLIN) 17289
Término de materia o nombre geográfico como elemento de entrada Calabaza
Subdivisión general Plagas
650 #4 - PUNTO DE ACCESO ADICIONAL DE MATERIA--TÉRMINO DE MATERIA
9 (RLIN) 129811
Término de materia o nombre geográfico como elemento de entrada Bemisia Tabaci
Subdivisión general Control
650 #4 - PUNTO DE ACCESO ADICIONAL DE MATERIA--TÉRMINO DE MATERIA
9 (RLIN) 129813
Término de materia o nombre geográfico como elemento de entrada Insecticidas de origen vegetal
Subdivisión general Efecto en Bemisia tabaci
700 1# - PUNTO DE ACCESO ADICIONAL--NOMBRE DE PERSONA
9 (RLIN) 102429
Nombre de persona Santillán Ortega, Candelario
Término indicativo de función/relación Director de tesis.
856 ## - LOCALIZACIÓN Y ACCESO ELECTRÓNICOS
Identificador Uniforme del Recurso http://10.13.5.2/tesis/tm/1412337-3_Sanchez_Coronado_Emmanuel.pdf
Nota pública DESCARGAR PDF
942 ## - ELEMENTOS DE PUNTO DE ACCESO ADICIONAL (KOHA)
Fuente del sistema de clasificación o colocación Clasificación Universidad Autónoma Chapingo
Tipo de ítem Koha Tesis digital
Holdings
Estado de retiro Estado de pérdida Fuente del sistema de clasificación o colocación Estado dañado Restricciones de uso No para préstamo Código de colección Localización permanente Ubicación/localización actual Ubicación en estantería Fecha de adquisición Total de préstamos Signatura topográfica completa Fecha visto por última vez Precio válido a partir de Tipo de ítem Koha
    Clasificación Universidad Autónoma de Chapingo   Préstamo interno   Tesis digitales de Licenciatura Biblioteca Digital Biblioteca Digital En línea 30/01/2024   Tesis digital 30/01/2024 30/01/2024 Tesis digital